1283 1776 1111 1408 1342 1836 1159 1178 1119 1018 1731 1548 1558 1354 1755 1740 1160 1168 1745 1847 1263 1409 1809 1427 1425 1333 1037 1908 1467 1689 1505 1261 1946 1938 1005 1777 1467 1692 1773 1202 1565 1354 1416 1199 1523 1106 1317 1694 1797 1953 1415 1071 1915 1157 1882 1886 1896 1050 1501 1196 1137 1052 1671 1717 1377 1269 1398 1675 1103 1001 1193 1433 1126 1402 1733 1651 1902 1324 1449 1039 1711 1619 1650 1423 1126 1740 1311 1408 1656 1065 1409 1258 1420 1883 1624 1695 1230 1444 1607 BCNSPRNW ULIB Ver.6.0+V

เปลี่ยนเป็นภาษาไทย

Change to English
 แสดงรายละเอียดบรรณานุกรม
  กลับหน้าหลัก

Brief Record : Get Marc (ISO 2709) : E-mail record : QR code < ปิดหน้าต่าง
LEADER : 00000nam 2200000uu 4500
001    13399127660
003     ULIB
008    210316s2561||||th 000 0 tha d
020    ^a9786163983077
060  4 ^aWE725^bส867ป
100 0  ^aสุรีพร อุทัยคุปต์
245 10 ^aปวดคอและปวดศีรษะจากกระดูกสันหลังส่วนคอ =^bNeck pain and cervicogenic headache /^cสุรีพร อุทัยคุปต์
246 31 ^aNeck pain and cervicogenic headache
260    ^aเชียงใหม่ :^bภาควิชากายภาพบำบัด คณะเทคนิคการแพทย์ มหาวิทยาลัยเชียงใหม่,^c2561
300    ^axii, 185 หน้า :^bภาพประกอบ
650  4 ^aกระดูกสันหลัง
650  4 ^aกระดูกสันหลังส่วนคอ
650  4 ^aปวดคอ
650  4 ^aปวดศีรษะ
710 2  ^aมหาวิทยาลัยเชียงใหม่.^bคณะเทคนิคการแพทย์.^bภาควิชากายภาพบำบัด
945    ^p300^l0^i28730
945    ^p300^l0^i28731
999    ^aกัณชพร จุลอักษร
รายการนี้ยังไม่มีแท็ก
คุณยังไม่ได้ล็อกอิน คุณสามารถมีกิจกรรมร่วมกับเว็บไซต์ได้ แต่ต้องล็อกอินก่อน ::
  ล็อกอิน

รายการสื่อสารสนเทศ

ลำดับที่ ประเภท เลขเรียก/บาร์โค้ด สถานที่ สถานะ
1. หนังสือสำรอง
หนังสือสำรอง
WE725 ส867ป ฉ.1 
  Barcode: 28730
ห้องสมุดวิทยาเขตนครสวรรค์
►หนังสือทั่วไป:l:General Books
บนชั้น
2. วิทยาศาสตร์การแพทย์ และสุขภาพ
วิทยาศาสตร์การแพทย์ และสุขภาพ
WE725 ส867ป ฉ.2 
  Barcode: 28731
ห้องสมุดวิทยาเขตนครสวรรค์
►หนังสือทั่วไป:l:General Books
บนชั้น

รายการใกล้เคียง
    ผู้แต่ง [สุรีพร อุทัยคุปต์]

    หัวเรื่อง [กระดูกสันหลัง]
    หัวเรื่อง [กระดูกสันหลังส่วนคอ]
    หัวเรื่อง [ปวดคอ]
    หัวเรื่อง [ปวดศีรษะ]

BibComment


ยังไม่เคยถูกคอมเมนท์

คอมเมนท์ทรัพยากรรายการนี้
  คอมเมนท์: ปวดคอและปวดศีรษะ..


 Copyright 2026. Bcnsprnw @Library